000
00254nam a22001217a 4500
020
_a
8178081024
082
_a
001.64
100
_a
ALFRED V. AHO
245
_a
DATA STRUCTURES AND ALGORITHMS
260
_a
INDIA
_b
PEARSON
_c
1983
300
_a
433
942
_c
BK
999
_c
23256
_d
23256